Paired Map Outlines Quiz Stats

 Plays Quiz Updated Dec 3, 2018

Score 0/16 Timer 05:00
1 Play Today
% Correct
California
94.4%
Lake Michigan
85.2%
Colorado
82.3%
Wisconsin
80.1%
Wyoming
76.1%
South Carolina
75%
West Virginia
72.9%
British Columbia
54.6%
% Correct
Sweden
52.2%
Bronx
49%
Afghanistan
27%
Hispaniola
24.7%
New Brunswick
21.3%
Tanzania
14.4%
Kyrgyzstan
13.6%
Lanai
3%

You're not logged in!

Compare scores with friends on all Sporcle quizzes.
OR
Log In

Show Comments

Extras

Top Quizzes Today


Score Distribution

Your Account Isn't Verified!

In order to create a playlist on Sporcle, you need to verify the email address you used during registration. Go to your Sporcle Settings to finish the process.

Report this User

Report this user for behavior that violates our Community Guidelines.

Details: